| 000 | 01255nam a2200349 i 4500 | ||
|---|---|---|---|
| 001 | 197735 | ||
| 003 | ES-MaACL | ||
| 005 | 20250901063143.0 | ||
| 008 | 250623s1998 sp | ||| ||spa | ||
| 016 | 7 |
_abimoBNE19982170257 _2SpMaBN |
|
| 017 |
_aAV 74-1998 _bOficina Depósito Legal Ávila |
||
| 020 | _a848647857X | ||
| 035 | _a(OCoLC)431651534 | ||
| 035 | _a(SpMaBN)bimo0000970660 | ||
| 040 |
_aSpMaBN _bspa _cSpMaBN _erdc |
||
| 080 | _a633.18(089.3) | ||
| 100 | 1 |
_aOrtuño, Alfonso, _d1942- _9241292 _eaut |
|
| 245 | 1 | 0 |
_aViaje a los arroces / _cAlfonso Ortuño. |
| 260 |
_aMadrid : _bMaeva, _c[1998]. |
||
| 300 |
_a159 páginas : _bilustrado blanco y negro ; _c20 cm. |
||
| 336 |
_2rdacontent _atexto |
||
| 337 |
_2rdamedia _asin mediación |
||
| 338 |
_2rdacarrier _avolumen |
||
| 490 | 1 | _aAndar y ver | |
| 650 | 0 |
_aArroz- _vAnécdotas _2embne _9241293 |
|
| 852 |
_aES-MaACL _cDEPOJ _jN-10601 _hDonación: José Lázaro García _xEncuadernación rústica _9206724 |
||
| 903 |
_9234219 _aLázaro García, José _ednr |
||
| 942 |
_cMONOGRAFIA _n0 |
||
| 999 |
_c197735 _d197735 |
||